KOHA-Header-6

Pakistan Studies with an introduction to Pakistan Affairs (Record no. 1236)

000 -LEADER
fixed length control field 00382nam a2200145Ia 4500
003 - CONTROL NUMBER IDENTIFIER
control field MAJU-Karachi
005 - DATE AND TIME OF LATEST TRANSACTION
control field 20201207155229.0
008 - FIXED-LENGTH DATA ELEMENTS--GENERAL INFORMATION
fixed length control field 190723s9999 xx 000 0 und d
040 ## - CATALOGING SOURCE
Transcribing agency DLC
100 ## - MAIN ENTRY--PERSONAL NAME
Personal name Gul Shahzad Serwar
245 #0 - TITLE STATEMENT
Title Pakistan Studies with an introduction to Pakistan Affairs
260 ## - PUBLICATION, DISTRIBUTION, ETC. (IMPRINT)
Place of publication, distribution, etc Karachi
Name of publisher, distributor, etc Iqra Publisher
Date of publication, distribution, etc 2017
300 ## - PHYSICAL DESCRIPTION
Extent 448
942 ## - ADDED ENTRY ELEMENTS (KOHA)
Koha item type Books
Source of classification or shelving scheme
Holdings
Withdrawn status Lost status Damaged status Not for loan Collection code Permanent Location Current Location Shelving location Date acquired Total Checkouts Total Renewals Full call number Barcode Checked out Date last seen Date checked out Price effective from Koha item type
          MAJU MAJU   2019-07-23 9 1 954.91 7861 2021-10-22 2021-10-08 2021-10-08 2019-07-23 Pakistan Studies

Powered by Koha